000 00641nam a2200253Ia 4500
005 20260123172101.0
008 008 260114s9999 xx 000 0 eng d
020 _a9781781952757
037 _aEBOOK
040 _aCRL
040 _beng
040 _cCRL
041 _2eng
041 _aeng
084 _qCRL
100 _aMinogue, Martin and others
_91107108
245 4 _aThe Internationalization of Public Management: Reinventing the Third World State
260 _bEdward Elgar
260 _c2001
856 _uhttps://doi.org/10.4337/9781781952757
942 _cEBOOK
999 _c1672217
_d1672217